James Marsters Filmography - Statistics

General Stats
  • This quiz has been taken 5 times
  • The average score is 5 of 113
Answer Stats
Type Year Name % Correct
TV Show 1997-2003 Buffy the Vampire Slayer
75%
Video Game 2002 Buffy the Vampire Slayer
75%
Film 2007 P.S. I Love You
50%
TV Show 2005-2010 Smallville
50%
TV Show 2011 Supernatural
50%
Film 2023 Abruptio
25%
TV Show 1999, 2000, 2003-2004 Angel
25%
Video Game 2003 Buffy the Vampire Slayer: Chaos Bleeds
25%
Web Series 2023 Casa Grande
25%
Film 2002 Chance
25%
Web Series 2023-Present Curses!
25%
Film 2024 Isla Monstro
25%
Podcast 2023 Slayers: A Buffyverse Story
25%
TV Show 2008 Torchwood
25%
Film 2018 A Bread Factory, Part One
0%
Film 2018 A Bread Factory, Part Two
0%
TV Show 2001 Andromeda
0%
Audiobook 2020 Battle Ground
0%
Film 2015 Billie Bob Joe
0%
Documentary Series 2003 Biography
0%
Audiobook 2010 Blood Rites
0%
Audiobook 2018 Brief Cases
0%
TV Show 2010 Caprica
0%
Audiobook 2010 Changes
0%
Audiobook 2012 Cold Days
0%
TV Film 2005 Cool Money
0%
Podcast 2024 Dark Gallifrey
0%
Video Game 2011 DC Universe Online
0%
Audiobook 2010 Dead Beat
0%
Audiobook 2009 Death Masks
0%
Film 2009 Dragonball Evolution
0%
Video Game 2018 Dragon Ball FighterZ
0%
Video Game 2018 Dragonball Legends
0%
Video Game 2024 Dragon Ball: Sparking! Zero
0%
TV Show 2016 Dragon Ball Super
0%
TV Show 2020 DuckTales
0%
Film 2015 Dudes & Dragons
0%
Audiobook 2003 Fool Moon
0%
Theater 2012 Frost/Nixon
0%
Audiobook 2015 Ghost Story
0%
Audiobook 2005 Grave Peril
0%
Short Film 2019 Grief
0%
Theater 1995 Handing Down the Names
0%
TV Show 2010, 2011, 2014, 2020 Hawaii Five-0
0%
TV Film 2009 High Plains Invaders
0%
Podcast 2023 Hollow's Bend: The Radio Play
0%
TV Show 2000-2001 Hollywood Squares
0%
Film 1999 House on Haunted Hill
0%
Documentary 2005 James Marsters: Words and Music
0%
Web Series 2021 Leverage: Redemption
0%
TV Show 2009 Lie to Me
0%
Theater 1996 Macbeth
0%
Web Series 2017-2019 Marvel's Runaways
0%
TV Show 1995 Medicine Ball
0%
TV Show 2012, 2014 Metal Hurlant Chronicles
0%
TV Show 1999 Millennium
0%
TV Show 1997 Moloney
0%
TV Film 2009 Moonshot
0%
Film 2016 New Life
0%
TV Show 1992, 1993 Northern Exposure
0%
TV Show 2009 Numb3rs
0%
Audiobook 2020 Peace Talks
0%
Audiobook 2009 Proven Guilty
0%
Video Game 2009 Real Heroes: Firefighter
0%
TV Show 2007 Saving Grace
0%
TV Show 2013 Scooby-Doo! Mystery Incorporated
0%
Film 2007 Shadow Puppets
0%
Theater 2010 She Stoops to Conquer
0%
Audiobook 2010 Side Jobs
0%
Theater 2014 Skin Game
0%
Audiobook 2008 Small Favor
0%
TV Show 2003 Spider-Man: The New Animated Series
0%
TV Show 2008 Star Wars: The Clone Wars
0%
Audiobook 2002 Storm Front
0%
TV Show 2001 Strange Frequency
0%
TV Film 2002 Strange Frequency 2
0%
Audiobook 2007 Summer Knight
0%
Film 2007 Superman: Doomsday
0%
Short Film 2016 Tales from the Underworld: A Knight with Cruella
0%
Theater 2013 The Bells of West 87th
0%
TV Mini-Series 2008 The Capture of the Green River Killer
0%
Audiobook 2012 The Carnival of Secrets
0%
Theater 1993 The Cover of Life
0%
TV Mini-Series 2015 The Devil You Know
0%
TV Mini-Series 2001 The Enforcers
0%
Audiobook 2012 The Greyfriar
0%
Theater 2014 The Hound of the Baskervilles
0%
Audiobook 2014 The Kingmakers
0%
Audiobook 2017 The Lord of Shadows
0%
Theater 1987-1988 The Marriage of Figaro
0%
TV Show 2004 The Mountain
0%
Theater 1986-1987 The Normal Heart
0%
Web Series 2020 The Order
0%
Audiobook 2018 The Queen of Air and Darkness
0%
Audiobook 2013 The Rift Walker
0%
TV Show 2009-2011 The Super Hero Squad Show
0%
Theater 1988 The White Plague
0%
TV Film 2011 Three Inches
0%
Documentary Series 2008 Torchwood Declassified
0%
Podcast 2018 Torchwood: Monthly Range
0%
Podcast 2020 Torchwood: The Sins of Captain John
0%
Audiobook 2009 Turn Coat
0%
Theater 1996 Twelfth Night
0%
TV Show 2013 Ultimate Spider-Man
0%
Web Series 2016-2018 Vidiots
0%
Theater 1994 Voices of the Dark
0%
TV Show 2013 Warehouse 13
0%
TV Show 2013 Wedding Band
0%
Audiobook 2009 White Night
0%
Film 1999 Winding Roads
0%
TV Show 2014 Witches of East End
0%
TV Show 2007-2008 Without a Trace
0%
Audiobook 2015 Working for Bigfoot
0%
No matching quizzes found
Score Distribution
Percent of People with Each Score
Percentile by Number Answered
Your Score History
You have not taken this quiz